<?xml version="1.0" encoding="UTF-8"?>
<record
    xmlns:xsi="http://www.w3.org/2001/XMLSchema-instance"
    xsi:schemaLocation="http://www.loc.gov/MARC21/slim http://www.loc.gov/standards/marcxml/schema/MARC21slim.xsd"
    xmlns="http://www.loc.gov/MARC21/slim">

  <leader>01776nam a22003617a 4500</leader>
  <controlfield tag="003">OSt</controlfield>
  <controlfield tag="005">20230608091311.0</controlfield>
  <controlfield tag="008">221006b        |||||||| |||| 00| 0 eng d</controlfield>
  <datafield tag="040" ind1=" " ind2=" ">
    <subfield code="c">Biblioteca Lado V</subfield>
  </datafield>
  <datafield tag="082" ind1=" " ind2=" ">
    <subfield code="a">700</subfield>
    <subfield code="b">S232c</subfield>
  </datafield>
  <datafield tag="100" ind1=" " ind2=" ">
    <subfield code="9">847</subfield>
    <subfield code="a">Santamaria-Delgado, Carolina</subfield>
    <subfield code="e">Editor</subfield>
  </datafield>
  <datafield tag="245" ind1=" " ind2=" ">
    <subfield code="a">Cuadernos/</subfield>
    <subfield code="b">de m&#xFA;sica, artes visuales y artes esc&#xE9;nicas/</subfield>
  </datafield>
  <datafield tag="260" ind1=" " ind2=" ">
    <subfield code="a">Universidad Javeriana</subfield>
    <subfield code="c">2014</subfield>
    <subfield code="b">Colombia</subfield>
    <subfield code="b">Bogota</subfield>
  </datafield>
  <datafield tag="300" ind1=" " ind2=" ">
    <subfield code="c">22x28cm</subfield>
    <subfield code="a">237p.</subfield>
  </datafield>
  <datafield tag="366" ind1=" " ind2=" ">
    <subfield code="e">spa</subfield>
  </datafield>
  <datafield tag="490" ind1=" " ind2=" ">
    <subfield code="a">9</subfield>
    <subfield code="v">2</subfield>
    <subfield code="x">1794-6670</subfield>
  </datafield>
  <datafield tag="505" ind1=" " ind2=" ">
    <subfield code="t">EDITORIAL</subfield>
    <subfield code="a">Mapeando los estudios visuales en America Latina: puntos de Partida, Anclajes Institucionales e Iniciativas</subfield>
  </datafield>
  <datafield tag="505" ind1=" " ind2=" ">
    <subfield code="t">Dossier</subfield>
    <subfield code="a">El escudo de Atenea: cultura visual y guerra en Colombia</subfield>
  </datafield>
  <datafield tag="505" ind1=" " ind2=" ">
    <subfield code="t">La oposici&#xF3;n pol&#xED;tica en el cine colombiano del siglo XX: Memorias, reg&#xED;menes, audiovisuales y subjetivacion pol&#xED;tica  </subfield>
  </datafield>
  <datafield tag="505" ind1=" " ind2=" ">
    <subfield code="t">La imagen apropiada: repetici&#xF3;n en la obra 18.oktober 1977</subfield>
  </datafield>
  <datafield tag="505" ind1=" " ind2=" ">
    <subfield code="t">Fotograf&#xED;a y violencia: la memoria actuante de las im&#xE1;genes </subfield>
  </datafield>
  <datafield tag="505" ind1=" " ind2=" ">
    <subfield code="t">Uteros histericos </subfield>
  </datafield>
  <datafield tag="505" ind1=" " ind2=" ">
    <subfield code="t">Estudios Iconologicos en la prensa ilustrada del siglo XIX</subfield>
  </datafield>
  <datafield tag="505" ind1=" " ind2=" ">
    <subfield code="t">Fuera de Dossier</subfield>
    <subfield code="a">Transgresi&#xF3;n y persistencia

El espacio expansivo

colectivos art&#xED;sticos

Articulo breve

 </subfield>
  </datafield>
  <datafield tag="505" ind1=" " ind2=" ">
    <subfield code="t">Rese&#xF1;a</subfield>
    <subfield code="a">Con Wilson lo impl&#xED;cito es mas sugerente que lo expl&#xED;cito

Iconotopia </subfield>
  </datafield>
  <datafield tag="650" ind1=" " ind2=" ">
    <subfield code="2">Tesauro de Arte &amp; Arquitectura</subfield>
    <subfield code="a">MUSICA</subfield>
    <subfield code="9">703</subfield>
  </datafield>
  <datafield tag="650" ind1=" " ind2=" ">
    <subfield code="2">Tesauro de Arte &amp; Arquitectura</subfield>
    <subfield code="a">ARTES ESCENICAS</subfield>
    <subfield code="9">702</subfield>
  </datafield>
  <datafield tag="650" ind1=" " ind2=" ">
    <subfield code="2">Tesauro de Arte &amp; Arquitectura</subfield>
    <subfield code="a">ARTES VISUALES</subfield>
    <subfield code="9">702</subfield>
  </datafield>
  <datafield tag="650" ind1=" " ind2=" ">
    <subfield code="2">Tesauro de Arte &amp; Arquitectura</subfield>
    <subfield code="a">ICONOGRAFIA</subfield>
  </datafield>
  <datafield tag="650" ind1=" " ind2=" ">
    <subfield code="2">Tesauro de Arte &amp; Arquitectura</subfield>
    <subfield code="a">EDUCACION</subfield>
  </datafield>
  <datafield tag="700" ind1=" " ind2=" ">
    <subfield code="a">Navarreta, Jose Antonio</subfield>
    <subfield code="e">editor</subfield>
  </datafield>
  <datafield tag="942" ind1=" " ind2=" ">
    <subfield code="2">ddc</subfield>
    <subfield code="c">1</subfield>
    <subfield code="h">700</subfield>
    <subfield code="i">S232c</subfield>
    <subfield code="n">0</subfield>
  </datafield>
  <datafield tag="999" ind1=" " ind2=" ">
    <subfield code="c">3816</subfield>
    <subfield code="d">3816</subfield>
  </datafield>
  <datafield tag="952" ind1=" " ind2=" ">
    <subfield code="0">0</subfield>
    <subfield code="1">0</subfield>
    <subfield code="2">ddc</subfield>
    <subfield code="3">9</subfield>
    <subfield code="4">0</subfield>
    <subfield code="7">0</subfield>
    <subfield code="8">Revistas</subfield>
    <subfield code="a">LV</subfield>
    <subfield code="b">LV</subfield>
    <subfield code="d">2023-06-08</subfield>
    <subfield code="h">2</subfield>
    <subfield code="i">002868</subfield>
    <subfield code="l">0</subfield>
    <subfield code="o">700 S232c</subfield>
    <subfield code="p">002868</subfield>
    <subfield code="r">2023-06-08 00:00:00</subfield>
    <subfield code="w">2023-06-08</subfield>
    <subfield code="y">1</subfield>
  </datafield>
</record>
